Statistiken für Logos schwer

Klicken Sie hier um das Quiz zu spielen!

Allgemein

  • Dieses Quiz wurde 4.438 mal gespielt
  • Das Durchschnittsergebnis liegt bei 8 aus 16

Antwortstatistiken

Antwort% Korrekt
Yahoo
87%
Pampers
81%
Taco Bell
78%
Beats
74%
Dolby
57%
Motorola
57%
ING
55%
Congstar
53%
fritz-kola
52%
Meister Proper
44%
Under Armour
42%
Atari
39%
Yamaha
37%
bp
33%
UEFA Europa Conference League
25%
NBC
21%

Verteilung der Resultate

Perzentil nach korrekt beantworteten Fragen

Anzahl Personen mit jedem Resultat

Ihre Resultats-Entwicklung

Sie haben dieses Quiz noch nicht gespielt